Đánh giá thực trạng việc học ngoại ngữ hai của sinh viên chuyên anh trường đại học Thủ Dầu Một
Cơ quan chủ trì: Đại học Thủ Dầu Một; Đề tài NCKH sinh viên khoa Ngoại ngữ
Sparad:
| Huvudupphovsman: | |
|---|---|
| Övriga upphovsmän: | |
| Materialtyp: | Bok |
| Språk: | Undetermined |
| Publicerad: |
Bình Dương
2015
|
| Ämnen: | |
| Länkar: | http://lrc.tdmu.edu.vn/opac/search/detail.asp?aID=2&ID=37143 |
| Taggar: |
Lägg till en tagg
Inga taggar, Lägg till första taggen!
|
| Thư viện lưu trữ: | Trung tâm Học liệu Trường Đại học Thủ Dầu Một |
|---|
| LEADER | 00967nam a2200181Ia 4500 | ||
|---|---|---|---|
| 001 | TDMU_37143 | ||
| 008 | 210410s9999 xx 000 0 und d | ||
| 082 | |a 658.4012 | ||
| 100 | |a Nguyễn, Phạm Trung Tâm | ||
| 245 | 0 | |a Đánh giá thực trạng việc học ngoại ngữ hai của sinh viên chuyên anh trường đại học Thủ Dầu Một | |
| 245 | 0 | |c Nguyễn Phạm Trung Tâm; ThS. Võ Trung Hưng (hướng dẫn) | |
| 260 | |a Bình Dương | ||
| 260 | |c 2015 | ||
| 520 | |a Cơ quan chủ trì: Đại học Thủ Dầu Một; Đề tài NCKH sinh viên khoa Ngoại ngữ | ||
| 650 | |a Báo cáo khoa học; Ngoại ngữ hai |x Thực trạng |x Sinh viên chuyên Anh |z ĐH Thủ Dầu Một (Bình Dương) | ||
| 700 | |a Nguyễn Trung Hưng | ||
| 856 | |u http://lrc.tdmu.edu.vn/opac/search/detail.asp?aID=2&ID=37143 | ||
| 980 | |a Trung tâm Học liệu Trường Đại học Thủ Dầu Một | ||